000 00654nam a2200241 a 4500
001 0001-1003
003 ELIB.Books
008 141016 2010 eng
020 _a080280232X
035 _a(ELIB.Books)0001-1157
092 _a230
_bHar
100 _aHarries, Richard
245 _aReinhold Niebuhr and the Issues of Our Time
260 _aGrand Rapids
_bWilliam B. Eerdmans Publishing Company
_c1986
300 _a205
_c19.5Cm
500 _aDr. Yahalaylayla
650 _aSystematic Theology
856 _nKBTS; Library
_uKBTS; Elib.
942 _2ddc
_cBK
990 _a1
998 _cbat
_e2014-10-16
999 _c11003
_d11003